Il Signore è uno : meditazioni /

Sábháilte in:
Sonraí bibleagrafaíochta
Príomhchruthaitheoir: Barsotti, Divo (autor)
Formáid: LEABHAR
Teanga:Iodáilis
Foilsithe / Cruthaithe: Brescia, Italia : Morcelliana, 1965, c1965
Ábhair:
Clibeanna: Cuir clib leis
Níl clibeanna ann, Bí ar an gcéad duine le clib a chur leis an taifead seo!

MARC

LEADER 00000nam^a2200000^a^4500
001 000345978
005 20250521000000.0
009 20260310114733.489
037 |a Acervo ITESO - Biblioteca 
041 |a ITA 
082 |a 242.  |b BAR 
100 |a Barsotti, Divo  |e (autor) 
245 1 3 |a Il Signore è uno :  |b meditazioni /  |c D. Barsotti. 
264 4 |a Brescia, Italia :  |b Morcelliana,  |c 1965, c1965 
300 |a 253 p. 
336 |a texto  |b txt  |2 rdacontenido 
337 |a sin mediación  |b n  |2 rdamedio 
338 |a volumen  |b nc  |2 rdasoporte 
561 |a Ex libris de Ignacio Díaz Morales 
649 |a XX 
650 |a Dios -  |x Tema Principal 
650 |a Meditación -  |x Tema Principal 
650 |a Catolicismo 
650 |a Cristianismo 
650 |a Religión 
910 |a Fondo Ignacio Díaz Morales 
920 |a Impresos - Libros 
930 |a Arquitectos Jaliscienses 
905 |a 114 
901 |a 0500236434  |b IT1  |c JAL  |i D65799  |u 20250521 
902 |a https://opac.biblio.iteso.mx/vufind/Record/000345978